Funktion der Feste im DaF-Unterricht Die Adventszeit
Elmentve itt :
| Szerző: | |
|---|---|
| További közreműködők: | |
| Dokumentumtípus: | Szakdolgozat |
| Megjelent: |
2002
|
| Tárgyszavak: | |
| Online Access: | http://diploma.bibl.u-szeged.hu/76398 |
| LEADER | 00539nta a2200157 i 4500 | ||
|---|---|---|---|
| 001 | dipl76398 | ||
| 005 | 20190524074100.0 | ||
| 008 | 190524s2002 hu om 0|| ger d | ||
| 040 | |a SZTE Diploma Repozitórium |b hun | ||
| 041 | |a ger | ||
| 100 | 1 | |a Papp Enikő | |
| 245 | 1 | 0 | |a Funktion der Feste im DaF-Unterricht Die Adventszeit |h [elektronikus dokumentum] / |c Enikő Papp |
| 260 | |c 2002 | ||
| 650 | 4 | |a Pedagógusképzés | |
| 700 | 1 | |a Sárvári Tünde |e ths | |
| 856 | 4 | 0 | |u http://diploma.bibl.u-szeged.hu/id/eprint/76398/1/2002_papp_eniko.pdf |z Dokumentum-elérés |